000 00892cam a22002774a 4500
001 15336327
005 20250324195712.0
008 080619s2009 nyua 001 0 eng
020 _a9780205646340
020 _a0205646344
050 0 0 _aLB2395
_b.N545 2009
082 0 0 _a378.1/70281
_222
100 1 _aNist-Olejnik, Sherrie,
_d1946-
245 1 0 _aCollege success strategies /
_cSherrie L. Nist-Olejnik, Jodi Patrick Holschuh.
250 _a3rd ed.
260 _aNew York :
_bPearson Longman,
_cc2009.
300 _axix, 280 p. :
_bill. ;
_c23 cm.
500 _aIncludes index.
650 0 _aStudy skills.
650 0 _aLearning, Psychology of.
650 0 _aAcademic achievement.
650 0 _aCollege student orientation.
700 1 _aHolschuh, Jodi.
856 4 1 _3Table of contents only
_uhttp://www.loc.gov/catdir/toc/ecip0821/2008026095.html
942 _2lcc
_cBK
_e3rd Ed.
_n0
999 _c5157
_d5157